00000000nam 2200000zi 4500
0019.946401
003CaOODSP
00520241223100531
006m     o  d f      
007cr cn|||||||||
008241223t20002000oncao   o    f000 0 eng d
020 |z0662615557
040 |aCaOODSP|beng|erda|cCaOODSP
0410 |aeng|beng|bfre
043 |an-cn---
0861 |aCH4-1/4-2000E-PDF|zCH4-1/4-1995
24504|aThe national flag of Canada : |ba profile.
250 |aRevised.
264 1|aOttawa : |bCanadian Heritage = Patrimoine canadien, |c2000.
264 4|c©2000
300 |a1 online resource (15 pages, 1 unnumbered page) : |billustrations, photographs
336 |atext|btxt|2rdacontent
337 |acomputer|bc|2rdamedia
338 |aonline resource|bcr|2rdacarrier
500 |aIssued also in French under title: Le drapeau national du Canada : un profil.
500 |aDigitized edition from print [produced by Government of Canada Publications Directorate].
500 |aIncorrect catalogue number (CH4-1/4-1995) and ISBN (0662615557) printed in this publication.
520 |a"The official ceremony inaugurating the new Canadian flag was held on Parliament Hill in Ottawa on February 15, 1965, with Governor General Georges Vanier, Prime Minister Lester B. Pearson, the members of the Cabinet and thousands in attendance"--Page 6.
530 |aIssued also in printed form.
546 |aIncludes some text in French.
650 0|aFlags|zCanada.
650 0|aMaple leaf (Emblem)|zCanada.
7101 |aCanada. |bCanadian Heritage, |eissuing body.
77508|tLe drapeau national du Canada : |w(CaOODSP)9.946402
7760#|tThe national flag of Canada : |w(CaOODSP)9.671289
85640|qPDF|s6.30 MB|uhttps://publications.gc.ca/collections/collection_2024/pch/CH4-1-4-2000-eng.pdf